[Event "Staunton Memorial 7"]
[Site "London"]
[Date "2009.08.12"]
[Round "5"]
[White "Jones, Gawain"]
[Black "Sokolov, Ivan"]
[Result "0-1"]
[WhiteElo "2554"]
[BlackElo "2655"]
[Annotator "JvR"]
[PlyCount "108"]
[EventDate "2009.08.08"]
[EventType "schev"]
[SourceDate "1999.07.01"]

1. e4 e5 2. Nf3 Nc6 3. Bb5 f5 {Sokolov plays an ancient opening.} 4. d3 fxe4 5.
dxe4 Nf6 6. O-O d6 7. Re1 Bg4 8. h3 Bh5 9. Qd3 $1 Qd7 10. Nc3 a6 11. Bxc6 bxc6
12. Ne2 h6 13. Ng3 Bf7 14. Qc3 g6 $2 {This blunder costs a pawn.} 15. Rd1 $1 {
White threatens Nxe5!} Qc8 16. Qxc6+ Ke7 17. b3 Be6 18. Bb2 Kf7 $1 19. Rd3 Be7
20. Qc3 Nd7 21. Rf1 Qb7 22. Nh2 Raf8 23. f4 Qb6+ 24. Kh1 exf4 25. Qd2 $5 g5 $5
26. Bxh8 Rxh8 27. Nf3 $2 ({Correct is} 27. Qe2) 27... Nc5 $1 28. Rd4 fxg3 $2
29. Rb4 $1 Qa5 30. Ne5+ $1 Kg7 31. Nc6 Qxa2 32. Nxe7 $6 Qb2 $1 33. Rd4 $2 (33.
Nf5+ $1 Bxf5 34. exf5 {wins for White.}) 33... Re8 $1 34. Nf5+ Bxf5 35. exf5
Ne4 $1 36. f6+ $2 (36. Qb4 Qxc2 37. Rc4 Nf2+ 38. Kg1 Nxh3+ 39. Kh1 Nf2+ {
leads to perpetual check.}) 36... Kf8 37. Qb4 Nf2+ 38. Kg1 Qxc2 $2 39. Rd2 $1
Qc6 40. f7 Re4 41. Qb8+ Kxf7 42. Rdd1 $2 {The tables turn for the last time.} (
{Right is} 42. Rd3 $1) 42... Qc5 $1 43. Rc1 Qe3 44. Rxc7+ Kg6 $1 45. Qg8+ Kh5
46. Qf7+ Kh4 47. Rc4 d5 48. Rxe4+ dxe4 49. b4 Nxh3+ 50. Kh1 Qg1+ $1 {
Sokolov decides the game elegantly.} 51. Rxg1 Nf2+ 52. Qxf2 gxf2 53. g3+ Kh3
54. Ra1 e3 {The standing was equal halfway during the match.} 0-1

[Event "Staunton Memorial 7"]
[Site "London"]
[Date "2009.08.13"]
[Round "6"]
[White "L'Ami, Erwin"]
[Black "Jones, Gawain"]
[Result "0-1"]
[WhiteElo "2593"]
[BlackElo "2554"]
[Annotator "JvR"]
[PlyCount "176"]
[EventDate "2009.08.08"]
[EventType "schev"]
[SourceDate "1999.07.01"]

1. d4 Nf6 2. c4 g6 3. Nc3 Bg7 4. e4 d6 5. Nf3 O-O 6. Be2 Nbd7 7. O-O e5 8. Be3
c6 9. d5 c5 10. Ne1 Kh8 11. Nd3 Ng8 12. Qd2 Qe7 13. Rae1 Nb6 $5 ({Usual is} 
13... f5) 14. b3 f5 15. exf5 gxf5 16. f4 e4 $1 17. Nf2 Qf6 18. Rc1 Bd7 19. Kh1
Nh6 20. Ncd1 Qg6 21. Qe1 Bd4 22. Bd2 {Erwin retreats.} Rg8 23. g3 Rg7 24. Ne3
Re8 25. Bd1 Nc8 26. Bc3 Qf6 27. Qd2 b5 28. Bh5 Rf8 29. Rfd1 $1 Bxc3 30. Qxc3
Qxc3 31. Rxc3 b4 32. Rc2 {The chances are equal.} Ne7 33. a3 Rb8 34. Ra1 Neg8
35. Bd1 Bc8 36. axb4 Rxb4 37. Rca2 a6 38. Kg1 Rb6 39. Kf1 Nf6 40. Ke1 Nhg4 41.
Nfxg4 fxg4 42. Re2 h5 43. Ng2 Kg8 44. Bc2 Re7 45. Kd2 Kf7 46. Kc3 Bf5 47. Ne3
Kg6 48. Ree1 Re8 49. Ng2 Kf7 50. Ra2 Reb8 51. Rea1 Ra8 52. Nh4 $1 Bh7 53. Re1
Re8 54. Ra3 Re7 55. Rea1 Ra7 56. Kd2 Kg7 57. Ke3 Kh6 58. Rh1 Ra8 59. Bd1 Rg8
60. Ra2 Rg7 61. Re2 Rgb7 62. Kd2 a5 $1 63. Re3 a4 64. bxa4 Rb1 65. Rhe1 R7b4
66. Kc3 Rc1+ 67. Bc2 Rxc2+ $1 68. Kxc2 Rxc4+ 69. Kb3 Rd4 70. a5 $5 Nxd5 71.
R3e2 c4+ $5 72. Ka4 c3+ 73. Kb5 $2 ({Correct is} 73. Ka3 $1 Rc4 74. Rd1 Rc5 75.
a6 Ra5+ 76. Kb3 Bg8 77. Rxe4 Ne3+ 78. Kb4 Nxd1 79. Kxa5 c2 80. Nf5+ Kg6 81.
Ne7+ Kg7 82. a7 c1=Q 83. a8=Q Qc5+ 84. Ka6 Bc4+ 85. Kb7 Bd5+ 86. Nxd5 Qxd5+ 87.
Kb8 {and Black will deliver perpetual check.}) 73... e3 $1 {
Suddenly Black wins.} 74. f5 Rd2 75. Rg2 c2 76. Rc1 e2 $1 77. Rgg1 Rd1 78. a6
Rxg1 79. Rxg1 Nc3+ 80. Kb6 Bg8 $1 81. a7 Bd5 82. f6 Nd1 $1 83. Nf5+ Kg5 84. f7
c1=Q 85. f8=Q {White queens but Black charges.} Qc6+ 86. Ka5 Qc5+ 87. Ka6 Qc6+
88. Ka5 Qc7+ {Jones has a mate attack.} 0-1

[Event "Staunton Memorial 7"]
[Site "London"]
[Date "2009.08.13"]
[Round "6"]
[White "Smeets, Jan"]
[Black "Howell, David"]
[Result "1-0"]
[WhiteElo "2632"]
[BlackElo "2614"]
[Annotator "JvR"]
[PlyCount "61"]
[EventDate "2009.08.08"]
[EventType "schev"]
[SourceDate "1999.07.01"]

1. e4 e5 2. Nf3 Nc6 3. Bb5 a6 4. Ba4 Nf6 5. O-O Be7 6. Re1 b5 7. Bb3 d6 8. c3
O-O 9. h3 Na5 10. Bc2 c5 11. d4 Qc7 12. Nbd2 cxd4 13. cxd4 Nc6 14. a3 Bd7 15.
d5 Na5 16. b4 Nb7 $5 {Howell defends passively.} ({An alternative is} 16...
Rfc8) 17. Nb3 Nh5 18. Bd3 g6 19. Bh6 Rfc8 20. Rc1 Qd8 21. Qe2 Rxc1 22. Rxc1 Rc8
23. Rxc8 Qxc8 24. Qe3 Qc3 $2 (24... Nd8 25. Qa7 Qb7 26. Qxb7 Nxb7 {is alright.}
) 25. Qa7 $1 Qxb3 26. Qxb7 Nf6 27. Bf1 Qc2 28. Qxa6 Nxe4 $5 29. Qa8+ Bc8 ({Or} 
29... Qc8 30. Qxc8+ Bxc8 31. Bxb5) 30. Bd3 Qxf2+ 31. Kh1 $1 {
Smeets has a mate attack.} 1-0

[Event "Staunton Memorial 7"]
[Site "London"]
[Date "2009.08.13"]
[Round "6"]
[White "Sokolov, Ivan"]
[Black "McShane, Luke"]
[Result "1-0"]
[WhiteElo "2655"]
[BlackElo "2620"]
[Annotator "JvR"]
[PlyCount "73"]
[EventDate "2009.08.08"]
[EventType "schev"]
[SourceDate "1999.07.01"]

1. d4 Nf6 2. c4 g6 3. Nc3 Bg7 4. e4 d6 5. Bd3 O-O 6. Nge2 a6 7. h3 Nbd7 8. Be3
c5 9. O-O b6 10. a4 cxd4 11. Nxd4 Bb7 12. b4 $5 {
White becomes vulnerable on the fourth rank.} (12. a5 Nc5 13. axb6 Qxb6 {
was played in Sokolov - Bologan, Poikovsky 2006.}) 12... Rc8 13. Nf3 a5 14. Rb1
axb4 15. Rxb4 Nc5 16. Qb1 Nfd7 17. Nd5 Bc6 18. Nxb6 $6 {
The following exchanges weaken the white position.} Nxb6 19. Rxb6 Nxa4 20. Rb4
Nc5 21. Nd4 Bd7 22. Qc2 Ra8 $1 23. Rfb1 Ra3 24. Be2 Qa8 $1 {
Black takes the initiative.} 25. Bf3 Be5 26. Nb5 Ra2 $1 27. Qd1 Bc6 28. Nc7 Qa7
$5 29. Nd5 Rc8 30. Bg4 $5 e6 $1 31. Rb6 Kg7 $2 {Black is short of time.} (31...
h5 32. Rxc6 Rxc6 33. Nb4 Rc8 34. Nxa2 hxg4 {achieves an advantage.}) 32. f4 $1
Ba4 $5 33. Qf3 $5 Ba1 34. Kh2 $5 Bd7 $5 (34... exd5 35. Bxc8 dxe4 36. Qg3 Qc7
37. Rxa1 $1 Rxa1 38. Bd4+ Kf8 39. Bxa1 Qxb6 40. Qc3 $1 {also wins for White.})
35. Rxd6 Kf8 36. Nb6 Qc7 37. Bxc5 {Sokolov has gained material.} 1-0

[Event "Staunton Memorial 7"]
[Site "London"]
[Date "2009.08.13"]
[Round "6"]
[White "Werle, Jan"]
[Black "Short, Nigel"]
[Result "0-1"]
[WhiteElo "2575"]
[BlackElo "2684"]
[Annotator "JvR"]
[PlyCount "98"]
[EventDate "2009.08.08"]
[EventType "schev"]
[SourceDate "1999.07.01"]

1. d4 e6 2. c4 Nf6 3. Nf3 d5 4. Nc3 Nbd7 5. Bg5 h6 6. Bh4 Be7 7. e3 O-O 8. Rc1
Re8 9. a3 a6 10. c5 Ne4 $5 ({Known is} 10... c6 11. b4 a5) 11. Bxe7 Qxe7 12.
Be2 Nxc3 13. Rxc3 c6 14. O-O e5 $1 {Short equalises.} 15. b4 e4 16. Nd2 Nf8 17.
Qc2 $6 ({Wiser is} 17. f3 exf3 18. Bxf3) 17... Bf5 $1 {
He directs his pieces to the kingside.} 18. Rb1 Qg5 19. Qd1 Re6 20. a4 $6 ({
Better is} 20. Nf1 $1 Rg6 21. Ng3) 20... Bh3 $1 21. g3 $2 (21. Bf1 $1 {
keeps the defence intact.}) 21... Qf5 22. Bf1 $5 Bg4 $5 23. Qe1 h5 24. Rcb3 h4
$1 25. Be2 Rf6 26. Bxg4 Qxg4 27. Qd1 Qf5 28. Qe2 Nh7 $1 {
Short has developed a strong attack.} 29. g4 $5 {White becomes desperate.} Qe6
30. Kh1 Ng5 31. Rg1 Rf8 32. Rbb1 Nf3 33. Nxf3 Rxf3 34. Rg2 f5 $1 35. gxf5 Qxf5
36. Rf1 h3 $1 37. Rg3 Rxf2 38. Rxf2 Qxf2 39. Qxf2 Rxf2 40. Rxh3 Rb2 {
Black has a great positional advantage in the rook ending.} 41. b5 axb5 42.
axb5 cxb5 $1 43. Rh5 b4 44. Rxd5 b3 45. c6 $5 ({Or} 45. Rd7 Rc2 46. Rxb7 b2)
45... bxc6 46. Rd8+ Kh7 47. Rb8 Kg6 48. Rb7 Kh5 49. Kg1 g5 {
Four games were decided in the sixth round. The standing had become 15-15.} 0-1

[Event "Staunton Memorial 7"]
[Site "London"]
[Date "2009.08.14"]
[Round "7"]
[White "Howell, David"]
[Black "Sokolov, Ivan"]
[Result "1-0"]
[WhiteElo "2614"]
[BlackElo "2655"]
[Annotator "JvR"]
[PlyCount "57"]
[EventDate "2009.08.08"]
[EventType "schev"]
[SourceDate "1999.07.01"]

1. e4 e5 2. Nf3 Nc6 3. d4 exd4 4. Nxd4 Bb4+ 5. c3 Bc5 6. Be3 Bb6 7. Qg4 g6 8.
Nd2 Nge7 $5 (8... Qe7 {drew in Radjabov - Aronian, Sochi 2008.}) 9. Qh4 $1 Nxd4
10. cxd4 d5 11. Bg5 $1 {Howell gives a pawn for the attack.} Bxd4 12. O-O-O $1
h6 $5 13. exd5 hxg5 (13... Bxf2 $2 14. g3 $1 Qxd5 15. Bxe7 g5 16. Qb4 $1 c5 17.
Qb5+ Kxe7 18. Qe2+ Be6 19. Qxf2 {wins for White.}) 14. Qxd4 Rh4 15. Ne4 $1 Bf5
16. f3 Bxe4 17. fxe4 Kf8 $5 18. g3 Rh7 19. Bc4 Qd6 20. Rhf1 b5 $5 21. Bxb5 Rxh2
$5 ({Or} 21... Qb6 22. Bc4 Qxd4 23. Rxd4 Rxh2 24. d6 $1) 22. Rf6 $1 Qxg3 23.
Rdf1 Rh7 24. Bc4 Ke8 25. Bb5+ Kf8 26. Bd7 Nc8 27. R6f3 Qh2 28. Qh8+ $1 Ke7 ({
The pointe is} 28... Rxh8 29. Rxf7+ Kg8 30. Rf8+ Kg7 31. R1f7+ Kh6 32. Rxh8#)
29. Rxf7+ $1 {White has a mate attack.} (29. Rxf7+ $1 Rxf7 30. Qe8+ $1 Kd6 31.
Qe6+ Kc5 32. Qc6+ Kd4 33. Qc3+ Kxe4 34. Re1+ {wins quickly.}) 1-0

[Event "Staunton Memorial 7"]
[Site "London"]
[Date "2009.08.14"]
[Round "7"]
[White "McShane, Luke"]
[Black "L'Ami, Erwin"]
[Result "1-0"]
[WhiteElo "2620"]
[BlackElo "2593"]
[Annotator "JvR"]
[PlyCount "87"]
[EventDate "2009.08.08"]
[EventType "schev"]
[SourceDate "1999.07.01"]

1. e4 c6 2. Nc3 d5 3. Nf3 Bg4 4. h3 Bxf3 5. Qxf3 Nf6 6. d3 e6 7. a3 Nbd7 8. g3
d4 9. Nb1 h5 $5 10. h4 Be7 11. Nd2 Qc7 12. Qe2 O-O-O 13. Bh3 Kb8 14. Nf3 e5 15.
Bd2 Ka8 16. b4 g6 17. Ng5 Rdf8 18. f4 Bd6 19. f5 gxf5 20. Bxf5 Nb6 21. O-O Qe7
22. Rf2 Ne8 23. Bh3 f6 $2 24. Ne6 $1 Rfg8 25. Kh2 Na4 26. Raf1 a6 27. Qd1 Bb8
28. Qb1 $1 b5 29. Qb3 Ba7 30. Rf3 Bb6 31. c3 dxc3 32. Bxc3 Nxc3 33. Qxc3 Qd6
34. a4 $1 Rh7 35. Nc5 $2 (35. Rc1 $1 Kb7 36. a5 Bd4 37. Qxc6+ $1 {
wins for White.}) 35... Ra7 $1 36. Rf5 a5 $1 37. Qb3 Rh8 38. axb5 cxb5 39. d4
$1 Qxd4 $2 ({Right is} 39... axb4 40. Qxb4 Qxd4 41. Qxd4 exd4) 40. Qe6 $1 {
He threatens Qc8#.} Nd6 41. Rxf6 Rd8 42. Rf8 Rb7 43. Nxb7 Kxb7 44. Qe7+ {
Britain led in the match by 181/2 - 161/2.} 1-0

[Event "Staunton Memorial 7"]
[Site "London"]
[Date "2009.08.15"]
[Round "8"]
[White "L'Ami, Erwin"]
[Black "Howell, David"]
[Result "1-0"]
[WhiteElo "2593"]
[BlackElo "2614"]
[Annotator "JvR"]
[PlyCount "101"]
[EventDate "2009.08.08"]
[EventType "schev"]
[SourceDate "1999.07.01"]

1. d4 Nf6 2. c4 g6 3. Nc3 d5 4. Bf4 Bg7 5. e3 O-O 6. Rc1 c6 7. Nf3 Be6 8. Qb3
Qb6 9. c5 Qxb3 10. axb3 Nh5 11. Be5 f6 12. Bxb8 Rfxb8 $5 ({Known is} 12...
Raxb8) 13. b4 a6 14. Nd2 Re8 15. Be2 Bf8 16. f4 Ng7 17. Kf2 Nf5 18. Nf3 Bg7 19.
g4 Nh6 20. h3 Rad8 21. g5 Nf7 22. h4 Bf5 23. Rcg1 h5 24. Bf1 $1 Kh7 25. Bh3
Bxh3 26. Rxh3 f5 27. Ra1 Rb8 28. Na4 Nd8 29. Nb6 Ne6 {
Black seems to defend without problems.} 30. b5 $1 axb5 31. Ra7 {
White has the initiative.} Red8 32. Rh1 Kg8 33. Rha1 Kf7 34. Ke2 Nf8 $2 (34...
Ke8 35. Nd2 Bxd4 $1 36. exd4 Nxd4+ 37. Kf2 Ne6 {counters timely.}) 35. Nd2 $1 {
White has a decisive advantage.} Nd7 36. Nb3 $1 Ke8 37. Na5 Nxb6 38. cxb6 Rd7
39. Nb3 $1 e6 40. Nc5 Bf8 41. Nxe6 $5 (41. Rxb7 $1 Rdxb7 42. Nxb7 Rxb7 43. Ra8+
$1 Ke7 44. Ra7 {also wins for White.}) 41... Kf7 42. Ra8 Rxa8 43. Rxa8 Kxe6 44.
Rxf8 Ke7 45. Rb8 Kf7 46. Kd2 Re7 47. Kd3 Kg7 $5 48. Kc3 $1 {
The king finds the hole in the position.} Kf7 ({The pointe is} 48... Rxe3+ 49.
Kb4 Re7 50. Kc5 Rd7 51. Rxb7 $1) 49. Kb4 Rd7 50. Kc5 Ke7 51. Rxb7 $1 {
L'Ami decided the game elegantly.} 1-0

[Event "Staunton Memorial 7"]
[Site "London"]
[Date "2009.08.15"]
[Round "8"]
[White "Van Wely, Loek"]
[Black "McShane, Luke"]
[Result "1-0"]
[WhiteElo "2655"]
[BlackElo "2620"]
[Annotator "JvR"]
[PlyCount "129"]
[EventDate "2009.08.08"]
[EventType "schev"]
[SourceDate "1999.07.01"]

1. d4 Nf6 2. c4 g6 3. Nc3 Bg7 4. e4 d6 5. Nf3 O-O 6. Be2 e5 7. O-O Nbd7 8. Be3
Re8 9. d5 Nh5 10. g3 Bf8 11. Ne1 Ng7 12. Nd3 f5 13. f3 a5 14. a3 Be7 15. Rc1 $5
b6 16. b4 axb4 17. axb4 Ba6 $6 ({Preferable is} 17... Bg5 $1 18. Qd2 Bxe3+ 19.
Qxe3 g5) 18. Nb5 Nf6 19. Nf2 Bxb5 $5 20. cxb5 f4 $6 {
He delivers a positional sacrifice.} ({Better is} 20... Nfh5) 21. gxf4 exf4 22.
Bxf4 Nfh5 23. Bd2 Bg5 24. Nh3 $1 {The knight controls g5 and f4.} Bxd2 25. Qxd2
Qh4 26. Kg2 Re7 27. Rc4 Qf6 28. Rfc1 Ra7 29. R1c2 Ne8 30. f4 Neg7 31. R2c3 h6
32. Rf3 Qa1 33. Bd3 Ra2 34. Rc2 Rxc2 35. Bxc2 Qf6 36. Qf2 Kh7 37. Bb1 Qa1 38.
Qc2 Qd4 $6 {Black allows the exchange of queens.} 39. Qc3 $1 Qxc3 40. Rxc3 Nf6
41. Kf3 Nge8 42. Rc1 Kg7 43. Rg1 $1 Kf7 44. Bd3 Nd7 45. Ke3 Nef6 46. Kd4 $1 g5
$2 {He helps the opponent.} 47. fxg5 hxg5 48. Nxg5+ Ke8 49. Rf1 Rg7 50. h4 Rg8
51. Rc1 Rh8 52. Nf3 Kd8 53. Rg1 Ke7 54. Be2 Rh5 55. Ke3 Rh8 56. Nd4 Kf7 57. h5
$5 Ra8 $5 58. Ne6 $1 Ra3+ 59. Kf4 Ne8 60. h6 Ndf6 61. h7 $1 Nxh7 62. Bh5+ Ke7
63. Bxe8 Kxe8 64. Rg8+ Ke7 65. Rg7+ {The Netherlands equalised the match.} 1-0

[Event "Staunton Memorial 7"]
[Site "London"]
[Date "2009.08.16"]
[Round "9"]
[White "Howell, David"]
[Black "Van Wely, Loek"]
[Result "1-0"]
[WhiteElo "2614"]
[BlackElo "2655"]
[Annotator "JvR"]
[PlyCount "67"]
[EventDate "2009.08.08"]
[EventType "schev"]
[SourceDate "1999.07.01"]

1. e4 c5 2. c3 Nf6 3. e5 Nd5 4. Nf3 Nc6 5. Bc4 Nb6 6. Bb3 c4 7. Bc2 Qc7 8. Qe2
g5 9. h3 Bg7 10. O-O Nxe5 11. Nxg5 h6 12. Nf3 d5 13. a4 O-O 14. Re1 Nbd7 15.
Na3 a6 16. b3 $5 ({Theory is} 16. d4 cxd3 17. Bxd3 Nxd3 18. Qxd3) 16... Rd8 $6
({The alternative is} 16... cxb3 17. Bxb3 Nc5 18. Bc2 Ng6) 17. Rb1 Nxf3+ 18.
Qxf3 Ne5 19. Qg3 Qd6 20. bxc4 dxc4 21. Re3 Be6 $1 22. Rxb7 Bd5 23. Rb4 Rac8 {
Black has compensation for the pawn.} 24. Qh4 Rc6 25. Rg3 Kf8 26. Qh5 Qc7 $6 ({
Better is} 26... Ng6 27. Bxg6 fxg6) 27. Bh7 $1 Rf6 $5 28. Nc2 $1 Ba8 $5 ({Or} 
28... Be6 29. Nd4 $1 Qc5 30. d3 cxd3 31. Bxh6) 29. Ne3 $1 Qc5 30. Qh4 Bc6 $5
31. Ba3 $1 a5 32. Rb8 $1 Qxa3 33. Rxd8+ Be8 34. Nf5 {
Howell carried out a strong attack.} 1-0

[Event "Staunton Memorial 7"]
[Site "London"]
[Date "2009.08.16"]
[Round "9"]
[White "Jones, Gawain"]
[Black "Smeets, Jan"]
[Result "1-0"]
[WhiteElo "2554"]
[BlackElo "2632"]
[Annotator "JvR"]
[PlyCount "59"]
[EventDate "2009.08.08"]
[EventType "schev"]
[SourceDate "1999.07.01"]

1. e4 e5 2. d4 exd4 3. Nf3 Nc6 4. Nxd4 Nf6 5. Nxc6 bxc6 6. e5 Qe7 7. Qe2 Nd5 8.
g3 g6 9. c4 Ba6 10. b3 Bg7 11. Bb2 O-O 12. Nd2 d6 {
They play an enterprising line of the Scotch Game.} 13. Qe4 $2 (13. O-O-O $5
Bxe5 14. Nf3 {sacrifices a pawn for the initiative.}) 13... Nb4 $2 (13... Bxe5
$1 14. cxd5 (14. Bxe5 f5 $1) 14... cxd5 15. Qe3 Bxb2 16. Qxe7 Rfe8 17. Qe3 d4
18. Bxa6 dxe3 {gains an advantage.}) 14. a3 d5 $1 15. cxd5 Bxf1 16. Kxf1 Nxd5
17. Kg2 f6 $5 18. exf6 Bxf6 19. Qxe7 Bxe7 20. Rhe1 Rfd8 21. Nc4 a5 22. Rad1 Bf8
23. Kg1 a4 24. b4 c5 25. bxc5 Bxc5 26. Re5 c6 27. Re6 Nb6 28. Rc1 Nxc4 29. Rxc4
Bxf2+ $4 (29... Rd2 30. Rxc5 Rxb2 31. Rexc6 Rf8 {
brings survival in a double rook ending.}) 30. Kxf2 {Black has lost a bishop.}
1-0

[Event "Staunton Memorial 7"]
[Site "London"]
[Date "2009.08.16"]
[Round "9"]
[White "Short, Nigel"]
[Black "L'Ami, Erwin"]
[Result "1-0"]
[WhiteElo "2684"]
[BlackElo "2593"]
[Annotator "JvR"]
[PlyCount "81"]
[EventDate "2009.08.08"]
[EventType "schev"]
[SourceDate "1999.07.01"]

1. e4 c6 2. Nc3 d5 3. Nf3 Bg4 4. h3 Bxf3 5. Qxf3 Nf6 6. Be2 dxe4 7. Nxe4 Nxe4
8. Qxe4 Qd5 $5 {L'Ami wants a quick draw.} 9. Qg4 Nd7 10. O-O Nf6 11. Qa4 Qe4
$5 12. Qxe4 Nxe4 {The exchange of queens has occurred, but White has a
positional edge due to the two bishops.} 13. Re1 g6 14. d4 $1 Bg7 15. Bf3 Nf6
16. c4 Rd8 17. Be3 O-O 18. Rad1 e6 19. g4 h6 20. h4 $1 {
White applies restraint.} Rfe8 21. Kg2 Nd7 $6 ({Better is} 21... h5 $1 22. gxh5
Nxh5) 22. d5 $5 Ne5 $5 (22... cxd5 23. cxd5 exd5 24. Bxd5 Bxb2 25. Bxb7 Ne5 26.
Rxd8 Rxd8 {exchanges a lot.}) 23. dxc6 Nxf3 24. Kxf3 bxc6 25. b3 a5 26. g5 hxg5
27. hxg5 Ra8 $2 (27... Bc3 {utilises the bishop.}) 28. Rd7 $1 Bf8 $5 29. Red1
$1 a4 30. Rc7 axb3 31. axb3 Rec8 32. Rdd7 Rxc7 33. Rxc7 Rb8 34. Rxc6 Rxb3 35.
Rc8 $1 {White has a winning attack.} f5 $5 36. gxf6 Kf7 37. Ke4 Rb7 38. Bd4 g5
39. c5 Rb1 40. c6 Rc1 41. Be3 {Britain took a decisive lead by 24-21.} 1-0

[Event "Staunton Memorial 7"]
[Site "London"]
[Date "2009.08.17"]
[Round "10"]
[White "Smeets, Jan"]
[Black "McShane, Luke"]
[Result "1-0"]
[WhiteElo "2632"]
[BlackElo "2620"]
[Annotator "JvR"]
[PlyCount "67"]
[EventDate "2009.08.08"]
[EventType "schev"]
[SourceDate "1999.07.01"]

1. e4 e5 2. Nf3 Nc6 3. Bb5 Nf6 4. O-O Nxe4 5. d4 Nd6 6. Bxc6 dxc6 7. dxe5 Nf5
8. Qxd8+ Kxd8 9. Nc3 h6 10. h3 Ne7 11. Be3 Ng6 12. Rad1+ Ke8 13. a3 Be7 14.
Rfe1 Nf8 $6 {He defends the Berlin Wall too passively.} ({Preferable is} 14...
Bd7 {(Volokitin - Jonkman, Germany 2002).}) 15. Nd4 c5 $6 16. Nd5 $1 Bd8 ({Not
} 16... cxd4 $2 17. Nxc7+ Kd7 18. Nxa8) 17. Ne2 b6 18. Ng3 Ne6 19. Ne4 {
White occupies the centre.} Kf8 $5 20. f4 $1 c6 21. Ndc3 g6 22. Nd6 Kg7 $6 (
22... Bh4 $1 23. Rf1 Ba6 24. f5 $1 Bxf1 25. fxe6 Bb5 {counters.}) 23. Nce4 $1
h5 24. f5 gxf5 25. Nxf5+ Kg6 26. Rf1 Ng7 27. Nxg7 $5 Kxg7 28. Nd6 f6 29. exf6+
Bxf6 30. Nxc8 $1 Raxc8 31. Rd7+ Kg6 32. Rd6 $1 Rhf8 33. Bd2 Rcd8 ({Or} 33...
Kg7 34. Rfxf6 $1 Rxf6 35. Bc3 Rcf8 36. Rxc6 $1 {and White wins.}) 34. Rfxf6+ $1
{The Dutchmen had to win two more games in the last round.} 1-0

[Event "Staunton Memorial 7"]
[Site "London"]
[Date "2009.08.17"]
[Round "10"]
[White "Van Wely, Loek"]
[Black "Short, Nigel"]
[Result "0-1"]
[WhiteElo "2655"]
[BlackElo "2684"]
[Annotator "JvR"]
[PlyCount "88"]
[EventDate "2009.08.08"]
[EventType "schev"]
[SourceDate "1999.07.01"]

1. d4 e6 2. c4 Nf6 3. Nc3 Bb4 4. Qc2 d5 5. cxd5 Qxd5 6. e3 c5 7. a3 Bxc3+ 8.
bxc3 O-O 9. Nf3 b6 10. c4 Qh5 $5 ({Usual is} 10... Qc6) 11. Be2 Bb7 12. O-O
Nbd7 13. a4 Qg6 $6 ({Preferable is} 13... Be4 $1) 14. Qxg6 hxg6 15. Bb2 {
White has the two bishops and exerts pressure.} a5 16. Rfd1 Rfd8 17. Nd2 Rac8
18. f3 cxd4 19. exd4 Ba6 20. Kf2 Rc7 21. Rac1 Rdc8 22. Ba3 Ne8 23. f4 $5 Bb7 $1
24. Re1 Bc6 25. Bd1 Ndf6 26. g4 Rd7 27. Ke3 Rcd8 28. Bb2 Nd6 29. h3 Rc8 30. Ba3
Bb7 31. Be2 Ba6 32. Bd3 Rc6 33. Rc2 Rdc7 34. Rec1 Rc8 35. Ke2 Kh8 $2 36. Kd1 $2
(36. c5 $1 bxc5 37. Rxc5 Rxc5 38. Rxc5 Bxd3+ 39. Kxd3 {gains an advantage.})
36... Nfe8 $5 37. Ke2 $1 Nf6 $6 38. Ke3 $2 {
Van Wely misses the last opportunity for the Netherlands.} ({Again} 38. c5 $1
bxc5 39. Rxc5 Rxc5 40. Rxc5 {favours White.}) 38... Kg8 39. g5 Nh5 40. d5 $4
exd5 41. cxd5 Rxc2 42. Rxc2 Re8+ $1 43. Kd4 Bxd3 44. Rc6 $5 ({Or} 44. Kxd3
Nxf4+ 45. Kd4 Nf5+) 44... Nf5+ $1 {
Short had won his sixth game. Britain prevailed by 261/2 - 231/2.} 0-1

[Event "Staunton Memorial 7 International"]
[Site "London"]
[Date "2009.08.09"]
[Round "2"]
[White "Cherniaev, Alexander"]
[Black "Wiersma, Eelke"]
[Result "1-0"]
[WhiteElo "2428"]
[BlackElo "2403"]
[Annotator "JvR"]
[PlyCount "51"]
[EventDate "2009.08.08"]
[EventType "tourn"]
[SourceDate "1999.07.01"]

{An international all-play-all group was the second part of the 7th Staunton
Memorial. The Staunton Gambit was applied in one game.} 1. d4 f5 2. e4 fxe4 3.
Nc3 Nf6 4. Bg5 {This position occurred in Staunton - Horwitz, London (11).} Nc6
5. d5 Ne5 6. Qe2 c6 7. O-O-O Qa5 8. f4 Nf7 $5 ({The alternative is} 8... Ng6)
9. Bxf6 gxf6 10. Qxe4 Bg7 11. Nge2 e6 12. f5 O-O $5 {
Black responds quietly to the attack in the centre.} 13. fxe6 dxe6 14. dxe6 Ng5
15. Qh4 Nxe6 $5 (15... Bxe6 $1 {develops a piece.}) 16. Kb1 {
White has the initiative.} Rd8 $6 ({Preferable is} 16... f5 $1 17. Qc4 Kh8 18.
g3 Qc5) 17. Rxd8+ Qxd8 18. Ng3 Ng5 $2 ({Correct is} 18... f5 $1 19. Qxd8+ Nxd8
20. Bc4+ Be6) 19. Bc4+ Kh8 20. Nh5 Bf5 21. Qf4 $1 Bg6 22. Nxg7 Kxg7 23. h4 $1
b5 24. Bb3 b4 25. Qxb4 Nf7 26. h5 {The final standings became: Timman 7/9,
Cherniaev 61/2, Kortschnoj 6, Davies 5, Hendriks, Wiersma and Williams 41/2,
Wells 4, Trent 2, Chapman 1.} 1-0